Energy and environment special report (Record no. 70617)
[ view plain ]
| 000 -LEADER | |
|---|---|
| fixed length control field | 00967cam a2200253 4500 |
| 001 - CONTROL NUMBER | |
| control field | ABS65603 |
| 008 - FIXED-LENGTH DATA ELEMENTS--GENERAL INFORMATION | |
| fixed length control field | 020628n2002 000 0 eng u |
| 035 ## - SYSTEM CONTROL NUMBER | |
| System control number | (Sirsi) u118591 |
| 100 ## - MAIN ENTRY--PERSONAL NAME | |
| Personal name | Morgan, N. |
| 245 ## - TITLE STATEMENT | |
| Title | Energy and environment special report |
| 260 ## - PUBLICATION, DISTRIBUTION, ETC. | |
| Date of publication, distribution, etc. | 2002 |
| 490 ## - SERIES STATEMENT | |
| Series statement | EPSRC Newsline |
| Volume/sequential designation | (21) Spring 2002, 5-13(6) |
| 520 ## - SUMMARY, ETC. | |
| Summary, etc. | A series of articles which examine the latest ideas for collecting solar energy; looks at a new project to try and extract energy from tidal currents and lastly highlights the work of EPSRC funded researchers who are trying to integrate renewable energy resources with existing electricity networks. |
| 590 ## - LOCAL NOTE (RLIN) | |
| Local note | ABS |
| 650 ## - SUBJECT ADDED ENTRY--TOPICAL TERM | |
| Topical term or geographic name entry element | RENEWABLE ENERGY PROJECTS |
| 650 ## - SUBJECT ADDED ENTRY--TOPICAL TERM | |
| Topical term or geographic name entry element | ELECTRICITY PRODUCTION |
| 650 ## - SUBJECT ADDED ENTRY--TOPICAL TERM | |
| Topical term or geographic name entry element | SOLAR ENERGY |
| 650 ## - SUBJECT ADDED ENTRY--TOPICAL TERM | |
| Topical term or geographic name entry element | TIDAL ENERGY |
| 650 ## - SUBJECT ADDED ENTRY--TOPICAL TERM | |
| Topical term or geographic name entry element | ENVIRONMENTAL RESOURCES |
| 690 ## - LOCAL SUBJECT ADDED ENTRY--TOPICAL TERM (OCLC, RLIN) | |
| Topical term or geographic name as entry element | ENVIRONMENTAL AND LAND CONSULTANCY-ENERGY |
| 700 ## - ADDED ENTRY--PERSONAL NAME | |
| Personal name | Norton, R. |
| 700 ## - ADDED ENTRY--PERSONAL NAME | |
| Personal name | Kenwood, M. |
| 942 ## - ADDED ENTRY ELEMENTS (KOHA) | |
| Suppress in OPAC | 0 |
| Withdrawn status | Lost status | Source of classification or shelving scheme | Damaged status | Not for loan | Home library | Current library | Shelving location | Date acquired | Total Checkouts | Full call number | Barcode | Date last seen | Copy number | Price effective from | Koha item type |
|---|---|---|---|---|---|---|---|---|---|---|---|---|---|---|---|
| Dewey Decimal Classification | London | London | Journal article | 28/06/2002 | ABS65603 | 118591-1001 | 06/08/2019 | 1 | 06/08/2019 | Journal article |